000 00789nam a2200253 a 4500
001 BRCA_4682
005 20190320204750.0
008 011010c1939----enka######---#000-0#eng-#
041 _aeng
044 _aenk
050 4 _aN5930
_b.P53 1939
100 1 _aPicton, Harold
_911879
245 1 0 _aEarly German Art and its Origins
_bfrom the Beginnings to about 1050
_cby Harold Picton ; with a foreword by Joseph Strzygowski.
260 _aLondres
_bB. T. Bastford
_c1939
300 _axii, 148 p.
_bil., 101 láminas
_c27 cm.
500 _aIncluye índice analítico
500 _aD54
650 1 4 _aArte
_xArte germánico
_911880
650 1 4 _aArte alemán
_911881
651 4 _aAlemania
_xAntigüedades
_911882
700 1 _aStrzygowski, Joseph
_911883
902 _aGFM
942 _2lcc
_cB
999 _c4382
_d4382